Passing calculations tests for nursing students / (Record no. 5544)

MARC details
000 -LEADER
fixed length control field 00608nam a22002057a 4500
003 - CONTROL NUMBER IDENTIFIER
control field OSt
005 - DATE AND TIME OF LATEST TRANSACTION
control field 20170214152217.0
008 - FIXED-LENGTH DATA ELEMENTS--GENERAL INFORMATION
fixed length control field 170214b xxu||||| |||| 00| 0 eng d
020 ## - INTERNATIONAL STANDARD BOOK NUMBER
International Standard Book Number 978184454716
040 ## - CATALOGING SOURCE
Transcribing agency 040a
082 ## - DEWEY DECIMAL CLASSIFICATION NUMBER
Classification number WY 18
Item number S528p 2011
100 ## - MAIN ENTRY--PERSONAL NAME
Personal name Starkings, Susan
9 (RLIN) 11565
245 ## - TITLE STATEMENT
Title Passing calculations tests for nursing students /
Statement of responsibility, etc. Susan Starkings, Larry Krause
260 ## - PUBLICATION, DISTRIBUTION, ETC. (IMPRINT)
Place of publication, distribution, etc. Los Angeles
Name of publisher, distributor, etc. Sage
Date of publication, distribution, etc. 2011
300 ## - PHYSICAL DESCRIPTION
Extent vi,122p;
Other physical details ill :
Dimensions 14cm.
504 ## - BIBLIOGRAPHY, ETC. NOTE
Bibliography, etc Includes index
650 ## - SUBJECT ADDED ENTRY--TOPICAL TERM
Topical term or geographic name as entry element Calculation tests for nursing students
9 (RLIN) 11566
700 ## - ADDED ENTRY--PERSONAL NAME
Personal name Krause, Larry
9 (RLIN) 11567
942 ## - ADDED ENTRY ELEMENTS (KOHA)
Source of classification or shelving scheme Other/Generic Classification Scheme
Koha item type Open Shelf
Holdings
Withdrawn status Lost status Source of classification or shelving scheme Damaged status Not for loan Home library Current library Date acquired Source of acquisition Inventory number Total Checkouts Full call number Barcode Date last seen Price effective from Koha item type
    Other/Generic Classification Scheme     MUST Main Library MUST Main Library 14/02/2017   2014/37819   WY 18 S528p 2011 2017-0192 14/02/2017 14/02/2017 Open Shelf
    Other/Generic Classification Scheme     MUST Main Library MUST Main Library 14/02/2017   2014/37820   WY 18 S528p 2011 2017-0193 14/02/2017 14/02/2017 Open Shelf